000 00766nam a2200229 a 4500
001 47535
003 BD-RjUL
005 20211209054334.0
008 160809s1982 bg ||||| |||| 00| 0 ben d
020 _c: Tk. 13.00
035 _a(BD-RjUL)47654
040 _aBD-RjUL
_bben
_cBD-RjUL
041 _aben
082 _223
_a491.44
_bBEB 1982
100 _aবেগম, মালেকা.
_9120329
245 _aবাংলা ভাষার বিকাশে ব্যবহারিক জীবন /
260 _aঢাকা :
_bবাংলা একাডেমী,
_c১৯৮২
300 _a[৮], ৯২ পৃ. ;
_c২১ সেমি.
650 _aবাংলা ভাষা
_9144507
650 _aBengali language
_9144508
942 _2ddc
_cBK
999 _c47535
_d47535